Central Library OPAC University of Rajshahi

The population of Bristol / (Record no. 36528)

MARC details
000 -LEADER
fixed length control field 01016nam a22002891 4500
001 - CONTROL NUMBER
control field 36528
003 - CONTROL NUMBER IDENTIFIER
rucl marc code BD-RjUL
005 - DATE AND TIME OF LATEST TRANSACTION
control field 20211209052511.0
008 - FIXED-LENGTH DATA ELEMENTS--GENERAL INFORMATION
fixed length control field 140625s1943 enkab 000 0 eng d
035 ## - SYSTEM CONTROL NUMBER
System control number (BD-RjUL)36628
System control number (OCoLC)170778
040 ## - CATALOGING SOURCE
Original cataloging agency DLC
Transcribing agency ODaWU
Modifying agency OCoLC
-- DLC
-- BD-RjUL
Language of cataloging eng
041 ## - LANGUAGE CODE
Language code of text/sound track or separate title eng
082 ## - DEWEY DECIMAL CLASSIFICATION NUMBER
Classification number 304.6042
Author mark and year SHP 1943
100 1# - MAIN ENTRY--PERSONAL NAME
Personal name Shannon, Herbert Austin,
Dates associated with a name 1900-
9 (RLIN) 111219
245 14 - TITLE STATEMENT
Title The population of Bristol /
Statement of responsibility, etc. H. A. Shannon & E. Grebenik.
260 ## - PUBLICATION, DISTRIBUTION, ETC. (IMPRINT)
Place of publication, distribution, etc. Cambridge [Eng.] :
Name of publisher, distributor, etc. The University Press,
Date of publication, distribution, etc. 1943.
300 ## - PHYSICAL DESCRIPTION
Pagination 3 p. l., 92, [2] p. incl. tables. :
Illustrations ill. ;
Size 24 cm.
490 1# - SERIES STATEMENT
Series statement The National Institute of Economic and Social Research. Occasional papers. II
651 #0 - SUBJECT ADDED ENTRY--GEOGRAPHIC NAME
Geographic name Bristol (England)
General subdivision Population.
9 (RLIN) 111220
700 1# - ADDED ENTRY--PERSONAL NAME
Personal name Grebenik, E.
Relator term joint author.
830 #0 - SERIES ADDED ENTRY--UNIFORM TITLE
Volume number/sequential designation 2.
830 #0 - SERIES ADDED ENTRY--UNIFORM TITLE
Uniform title Occasional papers (National Institute of Economic and Social Research) ;
942 ## - ADDED ENTRY ELEMENTS (KOHA)
Source of classification or shelving scheme Dewey Decimal Classification
Koha item type Books
Holdings
Lost status Source of classification or shelving scheme Damaged status Not for loan Collection code Permanent Location Current Location Shelving location Date acquired Source of acquisition Cost, normal purchase price Total Checkouts Full call number Date last seen Copy number Koha item type
  Dewey Decimal Classification   Not For Loan Non-fiction Central Library, University of Rajshahi Central Library, University of Rajshahi Reading Room 03/04/1958 Pak United 11.40   304.6042 SHP 1943 25/06/2014 C-1 Books